000 00345pab a2200145 454500
008 180718b1983 xxu||||| |||| 00| 0 eng d
100 _aThimmaiahm, G
245 _aFiscal federalism and municipal finances
260 _c1983
300 _a22-34
362 _aJuly-Sept.
650 _aMunicipal Finance
773 _aNagarlok
909 _a13849
999 _c13849
_d13849